[Event "Cto Aragon Equipos 2025 - Div. Honor"]
[Site "Aragon"]
[Date "2025.01.25"]
[Round "1.1"]
[White "Garza Marco, Sergio"]
[Black "Forcen Esteban, Daniel"]
[Result "0-1"]
[WhiteElo "2384"]
[BlackElo "2541"]
[PlyCount "104"]
[GameId "2147807419763650"]
[EventDate "2025.01.25"]
[EventCountry "ESP"]
[WhiteTeam "Helios"]
[BlackTeam "Jaime Casas"]

1. d4 Nf6 2. Nf3 b6 3. g3 Bb7 4. Bg2 c5 5. O-O cxd4 6. Nxd4 Bxg2 7. Kxg2 Qc7 8. Nc3 Qb7+ 9. Kg1 d5 10. Bg5 Nbd7 11. Qd3 a6 12. Nf3 e6 13. Bxf6 Nxf6 14. Nd2 b5 15. a3 Rd8 16. e4 b4 17. axb4 dxe4 18. Qe2 Bxb4 19. Ndxe4 Bxc3 20. Nxc3 Qxb2 21. Ne4 O-O 22. Rfb1 Qd4 23. Nxf6+ Qxf6 24. Rxa6 Qc3 25. Rb3 Qc5 26. Rb5 Qd4 27. Rb1 Rc8 28. Ra3 Qc5 29. Ra2 g6 30. Rd1 Qc6 31. h4 h5 32. Rd2 Qb6 33. c4 Rc5 34. Rac2 Rfc8 35. Rd1 Qc6 36. Rdc1 Rd8 37. Qe3 e5 38. Kh2 Rd4 39. Rb1 Qc7 40. Rbc1 Kh7 41. Re1 Qd6 42. Ree2 Qf6 43. Kg2 e4 44. Qc3 Rcxc4 45. Qe3 Ra4 46. Rcd2 Rdc4 47. Rc2 Rcb4 48. Qc3 Qf5 49. Re3 Rb1 50. Rc1 Ra2 51. Rc2 Raa1 52. f4 Rg1+ 0-1

[Event "Cto Aragon Equipos 2025 - Div. Honor"]
[Site "Aragon"]
[Date "2025.01.25"]
[Round "1.2"]
[White "Antoli Royo, Joaquin Miguel"]
[Black "Torcal Miguel, Oscar"]
[Result "1-0"]
[WhiteElo "2411"]
[BlackElo "2115"]
[PlyCount "63"]
[GameId "2147807420160963"]
[EventDate "2025.01.25"]
[EventCountry "ESP"]
[WhiteTeam "Jaime Casas"]
[BlackTeam "Helios"]

1. e4 c5 2. Nf3 Nc6 3. c3 d5 4. exd5 Qxd5 5. Na3 Bg4 6. Be2 Nf6 7. h3 Bh5 8. Qa4 a6 9. O-O e6 10. d4 cxd4 11. Nb5 O-O-O 12. Nbxd4 Nxd4 13. cxd4 Kb8 14. Be3 Rc8 15. Rac1 Bd6 16. Rc3 Rxc3 17. bxc3 Ne4 18. Qc2 Bg6 19. Qb2 Qc6 20. c4 Bc7 21. Rc1 Qb6 22. Qa1 Qa5 23. a4 Rd8 24. Qa3 f5 25. Ne5 Bxe5 26. dxe5 Qxe5 27. Qe7 Rc8 28. Rb1 Nd6 29. Bf3 Rc7 30. Qd8+ Nc8 31. g3 Qf6 32. Ba7+ 1-0

[Event "Cto Aragon Equipos 2025 - Div. Honor"]
[Site "Aragon"]
[Date "2025.01.25"]
[Round "1.3"]
[White "Cerrajeria Ruiz, Jesus Maria"]
[Black "Ramiro Ovejero, Juan Luis"]
[Result "0-1"]
[WhiteElo "2072"]
[BlackElo "2315"]
[PlyCount "54"]
[GameId "2147807420218308"]
[EventDate "2025.01.25"]
[EventCountry "ESP"]
[WhiteTeam "Helios"]
[BlackTeam "Jaime Casas"]

1. g3 d5 2. c4 c6 3. Nf3 Nf6 4. Bg2 Bf5 5. Qb3 Qb6 6. d3 e6 7. Be3 Qa6 8. cxd5 exd5 9. O-O Nbd7 10. Nc3 Bd6 11. a4 O-O 12. a5 Rfe8 13. Qa4 Ng4 14. Bf4 Nc5 15. Qa3 Bf8 16. b4 Ne6 17. Be3 Nxe3 18. fxe3 Bg6 19. Qa4 b5 20. axb6 Qxb6 21. Kf2 Bxb4 22. Rfb1 a5 23. Ne5 Rac8 24. Nd7 Qd8 25. Nxd5 cxd5 26. Bxd5 Nc5 27. Nxc5 Qxd5 0-1

[Event "Cto Aragon Equipos 2025 - Div. Honor"]
[Site "Aragon"]
[Date "2025.01.25"]
[Round "1.4"]
[White "Gimenez Martinez, Alberto"]
[Black "Lorente Melcon, Hector"]
[Result "1-0"]
[WhiteElo "2117"]
[BlackElo "1946"]
[PlyCount "95"]
[GameId "2147807420337093"]
[EventDate "2025.01.25"]
[EventCountry "ESP"]
[WhiteTeam "Jaime Casas"]
[BlackTeam "Helios"]

1. e4 c5 2. Nf3 e6 3. d4 cxd4 4. Nxd4 Nf6 5. Nc3 Nc6 6. Ndb5 d6 7. Bf4 e5 8. Bg5 a6 9. Bxf6 gxf6 10. Na3 b5 11. Nd5 f5 12. c3 fxe4 13. Bxb5 axb5 14. Nxb5 Be6 15. Nbc7+ Kd7 16. Nxa8 Bxd5 17. Qxd5 Qxa8 18. Qxf7+ Ne7 19. O-O Bh6 20. Qf6 Bf4 21. Rfd1 d5 22. g3 Rg8 23. Qb6 Rg6 24. Qb5+ Qc6 25. Qxc6+ Kxc6 26. Kf1 Bh6 27. Ke2 Nf5 28. f3 exf3+ 29. Kxf3 e4+ 30. Ke2 Ne3 31. Rh1 Rf6 32. a4 Rf3 33. a5 Kb7 34. Ra4 Ng4 35. Rd1 Rf2+ 36. Ke1 Rf5 37. Rb4+ Ka7 38. Ke2 Rf2+ 39. Ke1 Ne3 40. Kxf2 Nxd1+ 41. Ke2 Ne3 42. Rb6 Bg5 43. h4 Nc4 44. hxg5 Nxb6 45. axb6+ Kxb6 46. Ke3 Kc5 47. b3 Kd6 48. Kd4 1-0

[Event "Cto Aragon Equipos 2025 - Div. Honor"]
[Site "Aragon"]
[Date "2025.01.25"]
[Round "1.5"]
[White "Adla, Diego"]
[Black "Romero Pallares, Daniel"]
[Result "0-1"]
[WhiteElo "2390"]
[BlackElo "2252"]
[PlyCount "64"]
[GameId "2147807420390342"]
[EventDate "2025.01.25"]
[EventCountry "ESP"]
[WhiteTeam "MyInvestor Casablanca A"]
[BlackTeam "Palacio De Pioneros"]

1. d4 Nf6 2. Bg5 d5 3. Bxf6 exf6 4. e3 Bd6 5. c4 dxc4 6. Bxc4 f5 7. Nf3 Nd7 8. Nc3 O-O 9. O-O c6 10. Qc2 Nf6 11. Rfe1 Qe7 12. Bd3 g6 13. a3 Bd7 14. h3 Rfe8 15. Nd2 Rac8 16. b4 Be6 17. Bc4 Bd7 18. Qb3 Ne4 19. Ncxe4 fxe4 20. f3 b5 21. Bf1 exf3 22. Nxf3 Bg3 23. Re2 Be6 24. Qc3 Bc4 25. Rc2 Bd5 26. Re2 Bc4 27. Rc2 Bd5 28. Re2 f5 29. Rd1 Qf6 30. Ne1 Qg5 31. Qc1 Bd6 32. Nd3 Bf3 0-1

[Event "Cto Aragon Equipos 2025 - Div. Honor"]
[Site "Aragon"]
[Date "2025.01.25"]
[Round "1.6"]
[White "Palacios Herrero, Pablo"]
[Black "Glavina, Pablo"]
[Result "0-1"]
[WhiteElo "2203"]
[BlackElo "2359"]
[PlyCount "78"]
[GameId "2147807420447687"]
[EventDate "2025.01.25"]
[EventCountry "ESP"]
[WhiteTeam "Palacio De Pioneros"]
[BlackTeam "MyInvestor Casablanca A"]

1. e4 e5 2. Nf3 Nc6 3. Bb5 a6 4. Ba4 Nf6 5. O-O Bc5 6. c3 b5 7. Bc2 d6 8. d4 Ba7 9. a4 O-O 10. h3 Bb7 11. d5 Ne7 12. axb5 axb5 13. Na3 c6 14. dxc6 Bxc6 15. Qe2 Ng6 16. Bg5 Qd7 17. Rfd1 Ne8 18. Bd3 Nc7 19. Nc2 Bc5 20. Be3 Rxa1 21. Rxa1 Ne6 22. b4 Nef4 23. Qd1 Bxe3 24. Nxe3 Qb7 25. Nf5 Rd8 26. Ng3 d5 27. Bc2 Qb8 28. Qe1 d4 29. h4 Qc7 30. Bb3 h6 31. Ra6 Bb7 32. Ra7 dxc3 33. h5 c2 34. Bxc2 Qxc2 35. Kh2 Nd3 36. Qa1 Ngf4 37. Rxb7 Nxf2 38. Nxe5 Ng4+ 39. Nxg4 Qxg2# 0-1

[Event "Cto Aragon Equipos 2025 - Div. Honor"]
[Site "Aragon"]
[Date "2025.01.25"]
[Round "1.7"]
[White "Quintin Navarro, Alberto"]
[Black "Lacruz Algarate, Alvaro"]
[Result "1-0"]
[WhiteElo "2350"]
[BlackElo "2109"]
[PlyCount "155"]
[GameId "2147807420500936"]
[EventDate "2025.01.25"]
[EventCountry "ESP"]
[WhiteTeam "MyInvestor Casablanca A"]
[BlackTeam "Palacio De Pioneros"]

1. d4 Nf6 2. Nf3 e6 3. c4 d5 4. g3 Bb4+ 5. Bd2 Be7 6. Bg2 O-O 7. O-O Nbd7 8. Qc2 c6 9. Rd1 b6 10. b3 Bb7 11. Nc3 Rc8 12. e4 dxe4 13. Nxe4 c5 14. Nxf6+ Nxf6 15. dxc5 Be4 16. Qb2 Bxc5 17. Bg5 Qe7 18. Ne5 Qb7 19. Bh3 Be7 20. Nd7 Nxd7 21. Bxe7 Rfe8 22. Bg5 h6 23. Be3 Red8 24. f4 Nf6 25. Bd4 Qe7 26. Bg2 Bxg2 27. Bxf6 Qxf6 28. Qxf6 gxf6 29. Kxg2 Kf8 30. Kf3 Ke7 31. Kg4 Rc5 32. Rxd8 Kxd8 33. Rd1+ Ke7 34. Rd4 Ra5 35. Rd2 Rc5 36. Kf3 f5 37. Ke3 f6 38. Kd4 e5+ 39. Kc3 Rc6 40. Kb4 Rc5 41. Rd1 Ra5 42. a3 Rc5 43. Rd2 Ra5 44. Ra2 Rc5 45. Ra1 Ke6 46. Kc3 Rc7 47. a4 a5 48. Rb1 Ra7 49. b4 axb4+ 50. Rxb4 Ra6 51. Rb5 Rxa4 52. Rxb6+ Ke7 53. fxe5 fxe5 54. Rxh6 Ra3+ 55. Kb4 Ra2 56. Kb3 Rg2 57. Kc3 Kd7 58. c5 Kc7 59. Kd3 Kd7 60. Rh5 f4 61. gxf4 exf4 62. Ke4 Rf2 63. h4 Kc6 64. Rf5 Rh2 65. h5 Rh4 66. Rg5 Kb5 67. Re5 Kc6 68. Rf5 Kb5 69. Ke5 Kxc5 70. Kf6+ Kd4 71. Kg5 Rh1 72. Kxf4 Rg1 73. h6 Rg6 74. Rh5 Rg8 75. h7 Rh8 76. Kf5 Kd5 77. Kf6+ Kd6 78. Kg7 1-0

[Event "Cto Aragon Equipos 2025 - Div. Honor"]
[Site "Aragon"]
[Date "2025.01.25"]
[Round "1.8"]
[White "Zambrana Petisme, Ramiro"]
[Black "Miranda Herrera, Belen"]
[Result "0-1"]
[WhiteElo "2102"]
[BlackElo "2051"]
[PlyCount "118"]
[GameId "2147807420554185"]
[EventDate "2025.01.25"]
[EventCountry "ESP"]
[WhiteTeam "Palacio De Pioneros"]
[BlackTeam "MyInvestor Casablanca A"]

1. e4 e5 2. Nf3 Nc6 3. Bc4 Nf6 4. Ng5 d5 5. exd5 b5 6. Bf1 Nd4 7. c3 Nxd5 8. cxd4 Qxg5 9. Bxb5+ Kd8 10. O-O Rb8 11. Bc6 Bg4 12. f3 Bh3 13. Rf2 Nf4 14. d3 Rb6 15. Qc2 Bb4 16. Bxf4 Qxf4 17. dxe5 Qxe5 18. Re2 Qd4+ 19. Kh1 Bc5 20. Nd2 Rxb2 21. Rae1 Be6 22. Qc1 Bb4 23. Nb3 Rxe2 24. Rxe2 Qf6 25. Qe3 Qc3 26. Qg5+ Be7 27. Qb5 Qb4 28. Qxb4 Bxb4 29. Nd4 Bd7 30. g3 Bc5 31. Bxd7 Kxd7 32. Nf5 g6 33. Nh4 Rb8 34. Kg2 Rb1 35. f4 Rd1 36. Nf3 f6 37. Nd2 Bb4 38. Ne4 Be7 39. Nd2 Bb4 40. Ne4 Be7 41. Nd2 Rc1 42. Ne4 Kc6 43. Kf3 a5 44. Nd2 Bb4 45. Nb3 Rd1 46. Re6+ Kd5 47. Rxf6 Rxd3+ 48. Ke2 Rc3 49. Rf7 a4 50. Nd2 Rc2 51. Rd7+ Ke6 52. Rd4 c5 53. Kd1 Rxa2 54. Re4+ Kf6 55. Nf3 Rf2 56. Ne5 a3 57. Nd7+ Kf5 58. Re5+ Kg4 59. Nf6+ Kf3 0-1

[Event "Cto Aragon Equipos 2025 - Div. Honor"]
[Site "Aragon"]
[Date "2025.01.25"]
[Round "1.9"]
[White "Ruiz Fernandez, Daniel"]
[Black "Villuendas Valero, Adrian"]
[Result "1/2-1/2"]
[WhiteElo "2165"]
[BlackElo "2240"]
[PlyCount "101"]
[GameId "2147807420607434"]
[EventDate "2025.01.25"]
[EventCountry "ESP"]
[WhiteTeam "MyInvestor Casablanca B"]
[BlackTeam "Aulazenter"]

1. e4 e6 2. d4 d5 3. Nc3 Nf6 4. e5 Nfd7 5. f4 c5 6. Nf3 Nc6 7. Be3 Be7 8. Qd2 O-O 9. dxc5 Qa5 10. a3 a6 11. Rd1 Bxc5 12. Bxc5 Qxc5 13. Ne2 f6 14. Ned4 Nxd4 15. Nxd4 Qe7 16. Nf3 fxe5 17. fxe5 Nxe5 18. Be2 Qc5 19. b4 Qb6 20. Qd4 Qxd4 21. Rxd4 Nc6 22. Rd2 b5 23. O-O Bd7 24. Re1 Rf6 25. h3 Rc8 26. Bd3 h6 27. Ne5 Nxe5 28. Rxe5 Rc3 29. a4 Kf7 30. axb5 Bxb5 31. Re1 Rf4 32. Rde2 Bxd3 33. cxd3 Rc6 34. Rf2 Rxf2 35. Kxf2 Kf6 36. Ke3 Rb6 37. Ra1 e5 38. Ra5 Ke6 39. Kd2 d4 40. Ke2 h5 41. Kf3 Kf5 42. g4+ hxg4+ 43. hxg4+ Kf6 44. Ke4 Kg5 45. Kxe5 Kxg4 46. Kxd4 Rxb4+ 47. Kc5 Rb5+ 48. Rxb5 axb5 49. Kxb5 Kf3 50. d4 Ke4 51. Kc5 1/2-1/2

[Event "Cto Aragon Equipos 2025 - Div. Honor"]
[Site "Aragon"]
[Date "2025.01.25"]
[Round "1.10"]
[White "Asensio Asensio, Nicolas"]
[Black "Lorente Melcon, Maximo"]
[Result "0-1"]
[WhiteElo "2178"]
[BlackElo "2138"]
[PlyCount "142"]
[GameId "2147807420664779"]
[EventDate "2025.01.25"]
[EventCountry "ESP"]
[WhiteTeam "Aulazenter"]
[BlackTeam "MyInvestor Casablanca B"]

1. d4 Nf6 2. c4 e6 3. Nf3 c5 4. d5 d6 5. Nc3 g6 6. h3 Bg7 7. e4 O-O 8. Bd3 exd5 9. cxd5 Re8 10. O-O c4 11. Bxc4 Nxe4 12. Nxe4 Rxe4 13. Bd3 Re8 14. Rb1 Nd7 15. b4 Ne5 16. Nxe5 dxe5 17. Qb3 Bd7 18. a4 Rc8 19. Be3 e4 20. Be2 Rc3 21. Qa2 Qc7 22. Rfc1 Rc8 23. Rxc3 Qxc3 24. b5 Bd4 25. Bxd4 Qxd4 26. Rd1 Qc3 27. Bg4 f5 28. Be2 Qc2 29. Qxc2 Rxc2 30. Bf1 Kf7 31. d6 Ke6 32. g3 b6 33. a5 Ke5 34. h4 Rc5 35. axb6 axb6 36. h5 Rd5 37. Ra1 Kxd6 38. h6 Rc5 39. Ra6 Kc7 40. Ra7+ Kd8 41. Rb7 Rc1 42. Kg2 g5 43. Rxb6 f4 44. gxf4 gxf4 45. f3 Rc2+ 46. Kg1 e3 47. Rf6 e2 48. Bxe2 Rxe2 49. Rxf4 Bxb5 50. Rf8+ Ke7 51. Rg8 Bd3 52. f4 Re6 53. Rg7+ Kf8 54. Rd7 Be4 55. Rd4 Bc6 56. Kf2 Rxh6 57. Kg3 Ke7 58. Kg4 Rh1 59. Kg5 Be8 60. Rb4 Rh5+ 61. Kg4 Rb5 62. Rc4 Bf7 63. Rc7+ Kf6 64. Ra7 Be6+ 65. Kh4 Rb2 66. Kg3 Rb3+ 67. Kg2 h5 68. Ra5 h4 69. Rh5 h3+ 70. Kh2 Rb2+ 71. Kg1 Bg4 0-1

[Event "Cto Aragon Equipos 2025 - Div. Honor"]
[Site "Aragon"]
[Date "2025.01.25"]
[Round "1.11"]
[White "Conon, Catalin"]
[Black "Miranda Herrera, Jorge Manuel"]
[Result "1/2-1/2"]
[WhiteElo "2072"]
[BlackElo "2101"]
[PlyCount "89"]
[GameId "2147807420775372"]
[EventDate "2025.01.25"]
[EventCountry "ESP"]
[WhiteTeam "MyInvestor Casablanca B"]
[BlackTeam "Aulazenter"]

1. e4 d6 2. d4 Nf6 3. Nc3 e5 4. Nf3 Nbd7 5. Rg1 g6 6. g4 exd4 7. Nxd4 Bg7 8. g5 Nxe4 9. Nxe4 Qe7 10. f3 d5 11. Nb5 Nb6 12. Bf4 O-O 13. Nxc7 dxe4 14. Bd6 Qd8 15. Bxf8 Qxf8 16. Nxa8 Bxb2 17. Rb1 Bc3+ 18. Kf2 Nxa8 19. fxe4 Nc7 20. Kg2 Ne6 21. Kh1 h6 22. Bc4 Nxg5 23. Qd3 Bg7 24. Rxg5 hxg5 25. Rf1 Kh7 26. Rxf7 Qb4 27. Rxg7+ Kxg7 28. Qd4+ Kf8 29. Qd8+ Kg7 30. Qd4+ Kf8 31. Qf6+ Ke8 32. Qxg6+ Kd7 33. Be6+ Kc7 34. Qg7+ Kb6 35. Bxc8 Qb1+ 36. Kg2 Qxc2+ 37. Kf3 Qd1+ 38. Kg3 Qd3+ 39. Kg4 Qxe4+ 40. Kxg5 Qg2+ 41. Kf6 Qb2+ 42. Kg6 Qg2+ 43. Kf6 Qb2+ 44. Kg6 Qg2+ 45. Kf6 1/2-1/2

[Event "Cto Aragon Equipos 2025 - Div. Honor"]
[Site "Aragon"]
[Date "2025.01.25"]
[Round "1.12"]
[White "Ania Puertolas, Javier"]
[Black "Jaime Galeano, Alcher"]
[Result "0-1"]
[WhiteElo "1764"]
[BlackElo "1967"]
[PlyCount "52"]
[GameId "2147807420828621"]
[EventDate "2025.01.25"]
[EventCountry "ESP"]
[WhiteTeam "Aulazenter"]
[BlackTeam "MyInvestor Casablanca B"]

1. e4 e5 2. Nc3 Nf6 3. f4 d5 4. fxe5 Nxe4 5. Qf3 Nc6 6. Bb5 Nxc3 7. bxc3 Be7 8. d4 O-O 9. Bd3 g6 10. Ne2 f6 11. Bh6 Rf7 12. O-O Be6 13. Qg3 Bf8 14. Bxg6 hxg6 15. Qxg6+ Kh8 16. Rf4 Ne7 17. Qh5 Rh7 18. Rxf6 Ng8 19. Rxe6 Bxh6 20. Kh1 Bf4 21. Qf5 Bxh2 22. Rf1 Qh4 23. g3 Bxg3+ 24. Kg2 Rh5 25. Qf7 Qh3+ 26. Kf3 Qxf1+ 0-1

[Event "Cto Aragon Equipos 2025 - Div. Honor"]
[Site "Aragon"]
[Date "2025.01.25"]
[Round "1.13"]
[White "Hinojar Basa, Alfonso"]
[Black "Cifuentes Parada, Roberto"]
[Result "1/2-1/2"]
[WhiteElo "2197"]
[BlackElo "2369"]
[PlyCount "84"]
[GameId "2147807420877774"]
[EventDate "2025.01.25"]
[EventCountry "ESP"]
[WhiteTeam "Marcos Frechin A"]
[BlackTeam "Jaque - Aramovil"]

1. e4 c5 2. Nf3 d6 3. g3 Nf6 4. Nc3 g6 5. Bg2 Nc6 6. O-O Bg7 7. d4 cxd4 8. Nxd4 Nxd4 9. Qxd4 O-O 10. Qd2 Be6 11. Nd5 Rc8 12. c3 Re8 13. Qe2 Qa5 14. Rd1 Nxd5 15. exd5 Bd7 16. Be3 b5 17. Bd4 Rc4 18. Bxg7 Kxg7 19. Re1 Qc7 20. Qd2 a5 21. Bf1 Rc5 22. Re3 Kg8 23. Rae1 e5 24. dxe6 Rxe6 25. a3 Rce5 26. Rxe5 dxe5 27. Rd1 Bc6 28. Qd8+ Qxd8 29. Rxd8+ Re8 30. Rxe8+ Bxe8 31. f3 Kf8 32. Kf2 Ke7 33. Ke3 Kd6 34. b4 axb4 35. axb4 Kd5 36. h4 h6 37. Bd3 g5 38. hxg5 hxg5 39. g4 Bd7 40. Kd2 Be8 41. Ke3 Bd7 42. Kd2 Be8 1/2-1/2

[Event "Cto Aragon Equipos 2025 - Div. Honor"]
[Site "Aragon"]
[Date "2025.01.25"]
[Round "1.14"]
[White "Lana Rodriguez, David"]
[Black "Atares Buisan, Sergio"]
[Result "1-0"]
[WhiteElo "2352"]
[BlackElo "2107"]
[PlyCount "103"]
[GameId "2147807420935119"]
[EventDate "2025.01.25"]
[EventCountry "ESP"]
[WhiteTeam "Jaque - Aramovil"]
[BlackTeam "Marcos Frechin A"]

1. d4 Nf6 2. Nf3 e6 3. e3 c5 4. Bd3 d5 5. b3 Nc6 6. O-O Bd6 7. Bb2 O-O 8. a3 b6 9. Nbd2 a5 10. Qe2 Bb7 11. dxc5 bxc5 12. e4 e5 13. exd5 Nd4 14. Qd1 Bxd5 15. Re1 Re8 16. Ne4 Rb8 17. Nfd2 Nxe4 18. Bxe4 Be6 19. a4 f5 20. Bd3 e4 21. Bc4 Qh4 22. g3 Qg5 23. Bxd4 cxd4 24. Nf3 Qf6 25. Bxe6+ Rxe6 26. Nxd4 Ree8 27. Nb5 Bb4 28. Re2 Rbd8 29. Qf1 e3 30. fxe3 Bd2 31. e4 Qb6+ 32. Qf2 Qxf2+ 33. Kxf2 fxe4 34. Kg2 e3 35. Rd1 Kf7 36. Na3 Rc8 37. Nc4 Rxc4 38. bxc4 Rc8 39. Rf1+ Ke6 40. Rf4 g5 41. Rd4 Kf5 42. Kf3 Re8 43. g4+ Kg6 44. Rd6+ Kg7 45. c5 Rf8+ 46. Ke4 Rf4+ 47. Kd3 Rxa4 48. c4 Kf7 49. c6 Ra3+ 50. Ke4 Ke7 51. Rd7+ Ke6 52. Rd4 1-0

[Event "Cto Aragon Equipos 2025 - Div. Honor"]
[Site "Aragon"]
[Date "2025.01.25"]
[Round "1.15"]
[White "Perez Tomas, Juan Manuel"]
[Black "Escartin Lacasa, Jose"]
[Result "0-1"]
[WhiteElo "1959"]
[BlackElo "2296"]
[PlyCount "68"]
[GameId "2147807421000656"]
[EventDate "2025.01.25"]
[EventCountry "ESP"]
[WhiteTeam "Marcos Frechin A"]
[BlackTeam "Jaque - Aramovil"]

1. e4 c5 2. Nf3 Nc6 3. Bb5 e6 4. O-O Nge7 5. c3 a6 6. Ba4 b5 7. Bc2 Bb7 8. Re1 Rc8 9. a4 Ng6 10. d4 cxd4 11. axb5 axb5 12. Nxd4 Nxd4 (12... Bd6 13. g3 O-O 14. h4 Nxh4) 13. cxd4 Bd6 14. g3 O-O 15. h4 Nxh4 16. Ra7 Rxc2 17. Rxb7 Rxc1 18. Qxc1 Nf3+ 19. Kg2 Nxe1+ 20. Qxe1 b4 21. Nd2 Qc8 22. Ra7 Qc6 23. b3 Ra8 24. Qa1 Rxa7 25. Qxa7 Bf8 26. Qb8 Qc2 27. Nc4 Qxe4+ 28. f3 Qe2+ 29. Kh3 Qxf3 30. Ne5 Qh1+ 31. Kg4 f5+ 32. Kf4 Qe4+ 33. Kg5 Qe3+ 34. Kh4 Qh6# 0-1

[Event "Cto Aragon Equipos 2025 - Div. Honor"]
[Site "Aragon"]
[Date "2025.01.25"]
[Round "1.16"]
[White "Ereza Vizcarra, Fernando"]
[Black "Moya Gimeno, Raul"]
[Result "1-0"]
[WhiteElo "2120"]
[BlackElo "1958"]
[PlyCount "95"]
[GameId "2147807421053905"]
[EventDate "2025.01.25"]
[EventCountry "ESP"]
[WhiteTeam "Jaque - Aramovil"]
[BlackTeam "Marcos Frechin A"]

1. d4 Nf6 2. Nf3 g6 3. c4 Bg7 4. Nc3 O-O 5. e4 d6 6. Be2 e5 7. Be3 a5 8. d5 Na6 9. Nd2 Nd7 10. O-O Ndc5 11. a3 Bd7 12. b3 f5 13. f3 f4 14. Bf2 Qg5 15. Kh1 Qh5 16. Qb1 b6 17. b4 Nb7 18. Nb5 Bf6 19. bxa5 Nxa5 20. Nb3 Nxb3 21. Qxb3 Bh4 22. Bxh4 Qxh4 23. a4 g5 24. Qc3 Bxb5 25. cxb5 Nc5 26. a5 bxa5 27. Rxa5 Kg7 28. Kg1 Rxa5 29. Qxa5 Rf7 30. h3 Qh6 31. Rb1 Qf6 32. b6 cxb6 33. Rxb6 Qd8 34. Qb5 Rc7 35. Rb8 Rc8 36. Rxc8 Qxc8 37. Qb6 Qd7 38. Bb5 Qb7 39. Qxd6 Qxb5 40. Qxe5+ Kf7 41. d6 Qb6 42. Kh2 Nb7 43. Qf5+ Ke8 44. e5 h6 45. Qe6+ Kf8 46. Qxh6+ Kf7 47. e6+ Ke8 48. Qh8# 1-0

[Event "Cto Aragon Equipos 2025 - Div. Honor"]
[Site "Aragon"]
[Date "2025.01.25"]
[Round "1.17"]
[White "Moreno Gracia, Daniel"]
[Black "Jario Garcia, Ricardo"]
[Result "1-0"]
[WhiteElo "2277"]
[BlackElo "1996"]
[PlyCount "37"]
[GameId "2147807421103058"]
[EventDate "2025.01.25"]
[EventCountry "ESP"]
[WhiteTeam "Iberajedrez Mundo 64"]
[BlackTeam "Marcos Frechin B"]

1. d4 Nf6 2. c4 d6 3. Nc3 e5 4. Nf3 e4 5. Nd2 Bf5 6. e3 g6 7. Be2 h5 8. f3 exf3 9. Bxf3 c6 10. O-O Bg7 11. Qb3 Qb6 12. Qa3 Qc7 13. e4 Bc8 14. Nb3 O-O 15. Bf4 Rd8 16. e5 dxe5 17. Bxe5 Qb6 18. Be2 Nd5 19. Na4 1-0

[Event "Cto Aragon Equipos 2025 - Div. Honor"]
[Site "Aragon"]
[Date "2025.01.25"]
[Round "1.18"]
[White "Sanz Pueyo, Adrian"]
[Black "Lopez Gracia, Fernando"]
[Result "1/2-1/2"]
[WhiteElo "2009"]
[BlackElo "2247"]
[PlyCount "59"]
[GameId "2147807421217747"]
[EventDate "2025.01.25"]
[EventCountry "ESP"]
[WhiteTeam "Marcos Frechin B"]
[BlackTeam "Iberajedrez Mundo 64"]

1. e4 e5 2. Nf3 Nc6 3. d4 exd4 4. Nxd4 Nf6 5. Nc3 Bb4 6. Nxc6 bxc6 7. Bd3 d5 8. exd5 cxd5 9. O-O O-O 10. Bg5 c6 11. Qf3 h6 12. Bxf6 Qxf6 13. Qxf6 gxf6 14. Ne2 Bd6 15. Rad1 Rb8 16. b3 Be6 17. Nd4 Rfe8 18. Rfe1 Be5 19. Nf5 Bxf5 20. Bxf5 Red8 21. Rd3 c5 22. Red1 d4 23. Rh3 Kg7 24. Bd3 Re8 25. Rh4 Re7 26. Rg4+ Kh8 27. Rh4 Kg7 28. Rg4+ Kh8 29. Rh4 Kg7 30. Rg4+ 1/2-1/2

[Event "Cto Aragon Equipos 2025 - Div. Honor"]
[Site "Aragon"]
[Date "2025.01.25"]
[Round "1.19"]
[White "Villalba Embid, Marcos"]
[Black "Jario Dominguez, Diego"]
[Result "1-0"]
[WhiteElo "2192"]
[BlackElo "1907"]
[PlyCount "43"]
[GameId "2147807421275092"]
[EventDate "2025.01.25"]
[EventCountry "ESP"]
[WhiteTeam "Iberajedrez Mundo 64"]
[BlackTeam "Marcos Frechin B"]

1. c4 c5 2. Nf3 Nc6 3. d4 cxd4 4. Nxd4 d6 5. Nc3 Nf6 6. e4 Nxd4 7. Qxd4 g6 8. Bg5 Bg7 9. Be2 O-O 10. O-O a5 11. Rad1 a4 12. Qe3 Qa5 13. Bxf6 Bxf6 14. Nd5 Kg7 15. Nxf6 Kxf6 16. Rd5 Qa7 17. Qh6 Be6 18. Rd3 Ke5 19. Qg7+ f6 20. Qxe7 Rae8 21. Qxd6+ Kxe4 22. Rf3 1-0

[Event "Cto Aragon Equipos 2025 - Div. Honor"]
[Site "Aragon"]
[Date "2025.01.25"]
[Round "1.20"]
[White "De Francisco Gracia, Diego"]
[Black "Garcia Acin, Pablo"]
[Result "0-1"]
[WhiteElo "1749"]
[BlackElo "2069"]
[PlyCount "84"]
[GameId "2147807421328341"]
[EventDate "2025.01.25"]
[EventCountry "ESP"]
[WhiteTeam "Marcos Frechin B"]
[BlackTeam "Iberajedrez Mundo 64"]

1. e4 {[%eval 0,0]} c5 {[%eval 0,0]} 2. c3 {[%eval 0,0]} Nf6 {[%eval 0,0]} 3. e5 {[%eval 0,0]} Nd5 {[%eval 0,0]} 4. d4 {[%eval 0,0]} cxd4 {[%eval 0,0]} 5. cxd4 {[%eval 0,0]} d6 {[%eval 0,0]} 6. Nf3 {[%eval 0,0]} Nc6 {[%eval 0,0]} 7. Bc4 {[%eval 0,0]} Nb6 {[%eval 0,0]} 8. Bb5 {[%eval 0,0]} Bd7 {[%eval 0,0]} 9. exd6 {[%eval 0,0]} e6 {[%eval 0,0]} 10. Nc3 {[%eval 0,0]} Bxd6 {[%eval 0,0]} 11. O-O {[%eval 0,0]} a6 {[%eval 0,0]} 12. Bd3 {[%eval 0,0]} Nb4 {[%eval 0,0]} 13. Be4 {[%eval 0,0]} Bc6 {[%eval 0,0]} 14. a3 {[%eval 0,0]} Bxe4 {[%eval 0,0]} 15. Nxe4 {[%eval 0,0]} N4d5 {[%eval 0,0]} 16. Nxd6+ {[%eval 0,0]} Qxd6 {[%eval 0,0]} 17. Ne5 {[%eval 0,0]} O-O {[%eval 0,0]} 18. a4 {[%eval 0,0]} Rac8 {[%eval 0,0]} 19. Qg4 {[%eval 0,0]} Nf6 {[%eval 0,0]} 20. Qh4 {[%eval 0,0]} Nc4 {[%eval 0,0]} 21. Re1 {[%eval 0,0]} Nd5 {[%eval 0,0]} 22. Nxc4 {[%eval -1,0]} Rxc4 {[%eval 0,0]} 23. b3 {[%eval -1,0]} Rc3 {[%eval 0,0]} 24. Ba3 {[%eval -1,0]} Nb4 $2 {[%eval 0,0] Mistake. Qd8 was best.} (24... Qd8 25. Qe4 Re8 26. Rab1 h6 27. Bc1 Re7 28. Bd2 Rd7 29. h3 Nf6 30. Qe2) 25. d5 {[%eval 0,0]} (25. a5 b6) 25... a5 $2 {[%eval 1,0] Mistake. Rxb3 was best.} (25... Rxb3 26. Reb1 Rxb1+ 27. Rxb1) 26. dxe6 $2 {[%eval 0,0] Mistake. Bb2 was best.} (26. Bb2 Rc5 27. Be5 Qd8 28. Qg3 g6 29. dxe6 fxe6 30. Bd6 Rg5 31. Qe3 Re8) 26... fxe6 {[%eval 0,0]} 27. Qg4 {[%eval 0,0]} Rc2 {[%eval 0,0]} 28. Bxb4 {[%eval 0,0]} axb4 {[%eval 0,0]} 29. Rad1 {[%eval 0,0]} Qb6 {[%eval 0,0]} 30. Qd4 {[%eval 0,0]} Qxd4 {[%eval 0,0]} 31. Rxd4 {[%eval 0,0]} Rfxf2 {[%eval 0,0]} 32. Rxb4 $4 {[%eval -2,0] Blunder. Rg4 was best.} (32. Rg4 h5 33. Rg5 Rf6 34. Rxh5 Rb2 35. a5 Rxb3 36. Rb5 Rb2 37. Rf1 e5) 32... Rxg2+ {[%eval -2,0]} 33. Kh1 {[%eval -3,0]} Rxh2+ {[%eval -2,0]} 34. Kg1 {[%eval -2,0]} h5 {[%eval -2,0]} 35. Ree4 $2 {[%eval -3,0] Mistake. Rxe6 was best.} (35. Rxe6 Rcg2+ 36. Kf1 Ra2 37. Kg1 Rhg2+ 38. Kh1 Kh7 39. Rxb7 Rgc2 40. Re1 Kh6) 35... Rhd2 {[%eval -3,0]} 36. Re1 {[%eval -3,0]} Rg2+ {[%eval -3,0]} 37. Kh1 {[%eval -3,0]} Rh2+ {[%eval -3,0]} 38. Kg1 {[%eval -3,0]} h4 $2 {[%eval -1,0] Mistake. Rhg2+ was best.} (38... Rhg2+ 39. Kh1 Rh2+ 40. Kg1 Rcg2+ 41. Kf1 Ra2 42. Kg1 Rhg2+ 43. Kh1 Rgb2 44. Rh4) 39. Re3 $4 {[%eval -4,0] Blunder. Rg4 was best.} (39. Rg4 Rh3) 39... Rhd2 {[%eval -4,0]} 40. Rf3 $4 {[%eval 0,0] Checkmate is now unavoidable. Rf4 was best.} (40. Rf4 g5 41. Rf6 Rc1+ 42. Rf1 Rxf1+ 43. Kxf1 Kf7 44. Kg1 Rb2 45. Kh1 Kf6) 40... h3 {[%eval 0,0]} 41. Rbf4 {[%eval 0,0]} Rg2+ {[%eval 0,0]} 42. Kh1 {[%eval 0,0]} Rh2+ {[%eval 0,0]} 0-1